Rosa Bologna FC 2025/2026 - Statistics

Statistiche generali
  • Questo quiz è stato fatto 34 volte
  • Il punteggio medio è 21 su 28
Statistiche sulle risposte
Hint Risposta % Corretto
ED - 7 Riccardo Orsolini
100%
ATT - 17 Ciro Immobile
97%
POR - 1 Lukasz Skorupski
93%
ATT - 9 Santiago Castro
93%
ALL. Vincenzo Italiano
93%
POR - 13 Federico Ravaglia
90%
DC - 26 John Lucumì
90%
TD - 29 Lorenzo De Silvestri
90%
ATT - 24 Thijs Dallinga
90%
TD - 2 Emil Holm
83%
TS - 33 Juan Miranda
83%
CC - 8 Remo Freuler
83%
ED - 10 Federico Bernardeschi
79%
COC - 21 Jens Odgaard
79%
ES - 30 Benjamin Dominguez
76%
CC - 4 Tommaso Pobega
76%
DC - 14 Torbjorn Heggem
76%
ED - 11 Jonathan Rowe
72%
CC - 19 Lewis Ferguson
72%
TD - 20 Nadir Zortea
72%
TS - 22 Charalampos Lykogiannis
69%
DC - 41 Martin Vitik
69%
ES - 28 Nicolò Cambiaghi
69%
CC - 6 Nikola Moro
69%
DC - 16 Nicolò Casale
59%
POR - 25 Massimo Pessina
48%
CC - 23 Simon Sohm
45%
DC - 5 Eivind Helland
21%
Nessun quiz corrispondente trovato
Distribuzione punteggi
Percentuale di utenti per punteggio
Percentile per numero di risposta
I tuoi punteggi nel tempo
Non hai fatto questo quiz